01243nam a22003014a 4500001001200000003000800012006001900020007001500039008004100054010001700095020003600112040002100148035002000169050002600189082002100215245013200236260005600368300001500424504006400439533015200503650002600655650001800681650004800699655002900747700002200776710001700798856012600815ebr10019093CaPaEBRm u cr cn|||||||||010725s2002 hiu sb s001 0 eng  z 2001040663 z0824824571 (cloth : alk. paper) aCaPaEBRcCaPaEBR a(OCoLC)7076919614aBH221.J3bJ374 2000eb04a111/.85/095222100aJapanese hermeneuticsh[electronic resource] :bcurrent debates on aesthetics and interpretation /cedited by Michael F. Marra. aHonolulu, HI :bUniversity of Hawai'i Press,c2002. axi, 247 p. aIncludes bibliographical references (p. 215-240) and index. aElectronic reproduction.bPalo Alto, Calif. :cebrary,d2013.nAvailable via World Wide Web.nAccess may be limited to ebrary affiliated libraries. 0aAesthetics, Japanese. 0aHermeneutics. 0aJapanese literaturexHistory and criticism. 7aElectronic books.2local1 aMarra, Michael F.2 aebrary, Inc.40uhttp://site.ebrary.com/lib/rucke/Doc?id=10019093zAn electronic book accessible through the World Wide Web; click to view